000 00590nam a2200169Ia 4500
999 _c10792
_d10792
008 210107s9999 xx 000 0 und d
022 _a0724-1232
100 _aKalindaga, Y. C.
_94665
245 0 _aPerspectives on regulatory policies in liner shipping and implications for the UN liner code /
_cby Y. C. Kalindaga.
260 _aBremen
_bInstitute of Shipping Economics and Logistics (ISL)
_c1994
300 _a65p.
650 0 _aShipping Management
700 _94667
_aKalindaga, Y. C.
700 _94668
_aZachcial, M. (Ed.)
700 _94669
_aHeideloff, C. (Ed.)
942 _cBK
_2ddc